LEADER 01350nam1 2200385 450 001 000017370 005 20050718115600.0 100 $a20040427d1998----km-y0itay0103----ba 101 0 $aeng 102 $aGB 200 1 $a<> Oxford History of the British Empire$fWm. Roger Louis 210 $aOxford$cOxford University Press$dc1998 215 $av.$cill.$d24 cm. 463 \1$1001000017371$12001 $a<> origins of Empire$eBritish overseas enterprise to the close of the seventeenth century 463 \1$1001000017372$12001 $a<> Eighteenth Century 463 \1$1001000017373$12001 $a<> Nineteenth Century 606 $aColonie inglesi$xStoria 676 $a909.0971241$v(21. ed.)$9Storia mondiale. Imperi e unioni politiche di territori non contigui. Isole Britanniche 700 1$aLouis,$bWilliam Roger$0290212 801 0$aITBAS01 912 $a000017370 996 $aOxford History of the British Empire$985106 997 $aUNIBAS BAS $aLETTERE BAS $aMONLET BAS $aMONOGR BAS $aLETTERE CAT $aDILEO$b21$c20040427$lBAS01$h1130 CAT $aDILEO$b21$c20040427$lBAS01$h1317 CAT $c20050601$lBAS01$h1756 CAT $abatch$b01$c20050718$lBAS01$h1053 CAT $c20050718$lBAS01$h1112 CAT $c20050718$lBAS01$h1142 CAT $c20050718$lBAS01$h1156 FMT LEADER 00828nam2 22002533i 450 001 UBO1309121 005 20231121125856.0 100 $a20151001d1947 ||||0itac50 ba 101 | $agrc$aita 102 $ait 181 1$6z01$ai $bxxxe 182 1$6z01$an 200 0 $a1 210 $aNapoli$cLibreria scientifica editrice$dstampa 1947 215 $a153 p.$d24 cm 461 1$1001TO00773256$12001 $aSaffo e Alceo$etestimonianze e frammenti$fCarlo Gallavotti$v1 801 3$aIT$bIT-01$c20151001 850 $aIT-FR0017 899 $aBiblioteca umanistica Giorgio Aprea$bFR0017 $eN 912 $aUBO1309121 950 2$aBiblioteca umanistica Giorgio Aprea$d 52DFA E 16.1$e 52FLS0000312945 VMA RS $fC $h20151001$i20151001 977 $a 52 996 $a1$961339 997 $aUNICAS